LEADERSHIP: ENHANCING THE LESSONS OF EXPERIENCE (Record no. 216521)

MARC details
000 -LEADER
fixed length control field 00587nam a22001937a 4500
008 - FIXED-LENGTH DATA ELEMENTS--GENERAL INFORMATION
fixed length control field 260203b |||||||| |||| 00| 0 eng d
020 ## - INTERNATIONAL STANDARD BOOK NUMBER
International Standard Book Number 978-1-264-90640-6
050 ## - LIBRARY OF CONGRESS CALL NUMBER
Classification number HD 57 .7 .H 84 2025
100 ## - MAIN ENTRY--PERSONAL NAME
Personal name HUGHES, RICHARD L
245 ## - TITLE STATEMENT
Title LEADERSHIP: ENHANCING THE LESSONS OF EXPERIENCE
250 ## - EDITION STATEMENT
Edition statement INTERNATIONAL STUDENT EDITION
260 ## - PUBLICATION, DISTRIBUTION, ETC.
Place of publication, distribution, etc. NEW YORK,
Name of publisher, distributor, etc. McGraw HILL LLC,
Date of publication, distribution, etc. 2025,
300 ## - PHYSICAL DESCRIPTION
Extent XVii, 766 P, ILL
500 ## - GENERAL NOTE
General note INCLUDES INDEX
650 ## - SUBJECT ADDED ENTRY
Topical term or geographic name entry element LEADERSHIP,EXECUTIVE ABILITY
700 ## - ADDED ENTRY--PERSONAL NAME
Personal name GINNETT ROBERT, CURPHY GORDON J.
942 ## - ADDED ENTRY ELEMENTS (KOHA)
Source of classification or shelving scheme Library of Congress Classification
Koha item type Long Loan Book
Holdings
Withdrawn status Lost status Source of classification or shelving scheme Damaged status Not for loan Collection Home library Current library Shelving location Date acquired Inventory number Total checkouts Full call number Barcode Date last seen Copy number Price effective from Koha item type
    Library of Congress Classification     Business & Economics Kisii University Library Kisii University Library On Display 02/03/2026 11645   HD57. 7 H84 2025 50188 02/03/2026 1 02/03/2026 Long Loan Book
    Library of Congress Classification     Business & Economics Kisii University Library Kisii University Library   02/03/2026 111646   HD57. 7 H84 2025 50190 02/03/2026 2 02/03/2026 Long Loan Book
    Library of Congress Classification     Business & Economics Kisii University Library Kisii University Library   02/03/2026 111647   HD57. 7 H84 2025 50153 02/03/2026 3 02/03/2026 Long Loan Book
    Library of Congress Classification     Business & Economics Kisii University Library Kisii University Library   02/03/2026 111648   HD57. 7 H84 2025 50154 02/03/2026 4 02/03/2026 Long Loan Book